Diccionario de la evangelización
Salvato in:
| Autore principale: | |
|---|---|
| Natura: | Libro |
| Lingua: | spagnolo |
| Pubblicazione: |
Madrid
Biblioteca de Autores Cristianos
1998
|
| Serie: | Biblioteca de Autores Cristianos, 582
|
| Soggetti: | |
| Tags: |
Aggiungi Tag
Nessun Tag, puoi essere il primo ad aggiungerne!!
|
MARC
| LEADER | 00000nam a2200000 a 4500 | ||
|---|---|---|---|
| 001 | UCL4310 | ||
| 003 | CL-VaPUC | ||
| 008 | 040109e19980000SP |||||||||||||||||spa|d | ||
| 020 | |a 8479143460 | ||
| 082 | 0 | 4 | |a 266.003 |b ESQ |2 21 |
| 100 | 0 | |a Esquerda Bifet, Juan |e author |9 481800 | |
| 245 | 1 | 0 | |a Diccionario de la evangelización |
| 300 | |a 804 p | ||
| 942 | |c BK | ||
| 945 | |d 20040109 00:00:00 |a cmena | ||
| 260 | |a Madrid |b Biblioteca de Autores Cristianos |c 1998 | ||
| 650 | 7 | |a EVANGELIZACION |2 CL-VaPUC |9 481801 | |
| 650 | 0 | |a Diccionarios |9 256200 | |
| 650 | 7 | |a MISIONES |2 CL-VaPUC |9 269280 | |
| 583 | |a last modification |c 20040109 00:00:00 |k Rodrigo Vera | ||
| 490 | 0 | |a Biblioteca de Autores Cristianos, 582 | |
| 999 | |c 307186 |d 307184 | ||
| 952 | |0 0 |1 0 |4 0 |6 266_003000000000000_ESQ_1998 |7 0 |8 F |9 372906 |a BIBTEO |b BIBTEO |d 2019-11-21 |i 3953432 |o 266.003 ESQ 1998 |p 3953432 |r 2025-01-17 |w 2019-11-21 |y BK_F |k ICR | ||